[Event "Oberliga Baden 1314"]
[Site "Germany"]
[Date "2014.02.09"]
[Round "6.1"]
[White "Skembris, Spyridon"]
[Black "Rosner, Jonas"]
[Result "1/2-1/2"]
[WhiteElo "2442"]
[BlackElo "2345"]
[Annotator "Skembris,S"]
[PlyCount "87"]
[EventDate "2013.10.13"]
[EventType "team-tourn"]
[EventRounds "9"]
[EventCountry "GER"]
[SourceTitle "CBM 159"]
[Source "ChessBase"]
[SourceDate "2014.03.17"]
[SourceVersion "1"]
[SourceVersionDate "2014.03.17"]
[SourceQuality "1"]
[WhiteTeam "Zaehringen"]
[BlackTeam "Ettlingen"]
[WhiteTeamCountry "GER"]
[BlackTeamCountry "GER"]

{When Efim Geller was the National Trainer in Greece, he left to all of us a
big influence in our opening repertoire. As he played the Tartakover, some
Greek players also took it up (among them Vasilios Kotronias), while I tried
to defend the White side. Recently I had to face one of the Tartakover lines
again and was confronted with a novelty in some old analysis.} 1. d4 d5 2. c4
e6 3. Nf3 Nf6 4. Nc3 Be7 5. Bg5 h6 6. Bh4 O-O 7. e3 b6 8. Rc1 Bb7 9. Bxf6 Bxf6
10. cxd5 exd5 11. b4 {I think this is the most logical way for White to deal
with this position. After giving up his pair of bishops he needs to keep
control, so Black cannot easily open the game for his bishops.} (11. Be2 c5 12.
O-O Nd7 13. dxc5 Nxc5 14. Rc2 a6 15. Nd4 Ne6 16. Nxe6 fxe6 17. Bg4 Kh8 $6 (
17... Re8 18. Qd3 d4 19. exd4 Bxd4 20. Rd1 e5 $132) 18. Bxe6 d4 19. exd4 Qxd4
20. Bd5 Bxd5 21. Nxd5 Rad8 22. Rd2 Qc5 23. Nxf6 Rxd2 24. Qxd2 Rxf6 25. Re1 a5
26. h3 Qf5 27. a3 Kh7 28. Qd4 Qc2 29. h4 Qf5 30. g3 Qf3 31. Re7 Qf5 32. Rb7 Qg6
33. Kg2 Re6 34. h5 Qf6 35. Qd3+ Kg8 36. Rb8+ Kf7 37. Qd5 {1-0 Nikolic,P (2612)
-Papp,G (2582)/Sarajevo 2013/CBM 154 Extra}) 11... c5 ({The other way is} 11...
c6 {(the pet line of GM Short) in order to stop the white b5.}) ({After} 11...
Nd7 12. b5 {Black has problems as he has no good way to open the centre.}) 12.
bxc5 bxc5 13. Bb5 $5 {The is a move we also analysed at the time with Geller.}
({Black got a good game in a recent game after} 13. dxc5 Nd7 $132 14. c6 ({
maybe a better move is} 14. Nb5 Rc8 $1 15. Nd6 Rxc5 16. Nxb7 Rxc1 17. Qxc1 Qb6
$132) 14... Qa5 15. Nd4 Rac8 16. Qa4 Qxa4 17. Nxa4 Bxd4 18. exd4 Bxc6 $36 19.
Nc5 $6 Nxc5 $6 ({here Black missed the chance to get the better game with} 
19... Rb8 $1 20. Kd2 Rb2+ 21. Rc2 Rxc2+ 22. Kxc2 Nxc5 23. dxc5 Rc8 $1 24. Kc3
$140 d4+ 25. Kxd4 Rd8+ 26. Ke3 Rd1 27. f3 Ra1 28. Rg1 Bb5 $15) 20. Rxc5 $132
Bd7 21. Ba6 Rxc5 22. dxc5 Rb8 23. Kd2 Rb4 (23... Rb2+ 24. Kc3 $14 Rxf2 (24...
Rxa2 25. Bb7 $14) 25. Bb7 d4+ 26. Kxd4 Rxa2 27. Rb1 Be6 28. Be4 $36) 24. Bd3
Rb2+ 25. Ke3 Rxa2 26. Rb1 Kf8 27. Rb7 Ke8 28. g3 a5 29. Ra7 a4 30. Ra6 Kd8 $2 (
30... Ke7 $132 31. Ra7 $140 Kd8) 31. c6 $16 Bc8 32. Ra7 d4+ 33. Kxd4 Rxf2 34.
Kc5 g5 35. Rxa4 (35. c7+ $5 $40 Kd7 $140 36. g4 $18) 35... Ke7 36. Ra7+ Kf6 37.
Ra8 Bg4 38. Ra4 (38. Bc4 Rxh2 39. Rf8 Rg2 40. c7 Rxg3 41. Rxf7+ Kg6 42. Re7 Rc3
43. Re4 Bc8 44. Re8 Bg4 45. Kd4 Rc1 46. c8=Q Bxc8 47. Rxc8 $36) 38... Bc8 39.
Ra8 Bg4 40. Ra4 Bc8 41. Ra8 {1/2-1/2 Iotov,V (2565)-Meier,G (2652)/Rockville
2013/CBM 153 Extra}) 13... Na6 14. O-O Nc7 15. Qa4 (15. Be2 c4 {1/2-1/2
Skembris,S (2545)-Kotronias,V (2590)/Rhodos 1993/TD}) 15... Ne6 $5 $146 {
An interesting novelty. So finally Geller was right that Black is ok here!} (
15... cxd4 16. Nxd4 Bxd4 17. Qxd4 Ne6 18. Qe5 a6 19. Ba4 (19. Be2 d4 20. Rfd1
Re8 21. exd4 Ng5 22. Qg3 Rc8 23. Bf1 Ne4 24. Nxe4 Rxc1 25. Rxc1 Rxe4 $10) 19...
d4 20. Rfd1 (20. exd4 Qxd4 $10) 20... Qh4 (20... d3 21. Bc2) 21. exd4 Nf4 22.
d5 Qg4 23. Qe4 $2 (23. g3 $1 {This is what we analysed with Geller.} Nh3+ $1
$16 24. Kg2 Ng5 (24... f6 25. Qe4 $18) 25. Qe2 Qh3+ 26. Kg1 Bc8 27. Rd3 $3 $16
Bg4 $140 28. f3 Bd7 29. Bc6 Rae8 30. Qd2) 23... Rac8 24. Kf1 a5 25. h3 (25. Qf3
Ba6+ 26. Bb5 Qxf3 27. gxf3 Bxb5+ 28. Nxb5 Rxc1 29. Rxc1 Nxd5 $10) 25... Qg5 26.
Bb5 (26. Rb1 $2 f5 27. Qf3 Rxc3 28. Qxc3 Qxg2+ 29. Ke1 Qg1+ 30. Kd2 Qxf2+ 31.
Kc1 Ne2+ $19) 26... Nxd5 27. Ne2 Ne3+ 28. Qxe3 Qxb5 29. Kg1 Rxc1 30. Rxc1 Re8
31. Nd4 Qd7 32. Rc7 Rxe3 {1/2-1/2 Raicevic,V (2485)-Geller,E (2525)/Moscow
1986/MCL/[ChessBase]}) 16. Bc6 (16. dxc5 Nxc5 17. Qb4 Ne6 18. Ne2 Qb6 $1 $36 (
18... Rb8 19. Nfd4 Qb6 20. a4 $1 $36) 19. Rb1 $140 Rab8 $132) 16... Bxc6 17.
Qxc6 Rc8 (17... cxd4 18. Nxd5 dxe3 19. fxe3 $36 Bb2 $140 20. Rcd1 Kh8 21. Rd2
Rb8 22. Qa4 $14) 18. Qb7 $1 (18. Qxd5 cxd4 19. Qxd8 Rcxd8 $36) 18... Rc7 ({
Probably the best way is} 18... Rb8 $142 19. Qxa7 cxd4 20. Nxd4 Nxd4 21. exd4
Rc8 22. Nb5 Ra8 23. Qc5 Ra5 $1 $44 {but this is hard to find during the game} (
23... Rxa2 24. Nc7 $36)) 19. Qb3 $5 {Now White keeps the initiative.} (19. Qxd5
Rd7 20. Qb3 cxd4 21. Ne4 dxe3 $132) 19... cxd4 $5 (19... c4 20. Qb5 Rd7 21. Rb1
$1 Ng5 22. Nxg5 Bxg5 23. Rb2 g6 24. Rfb1 Re8 25. g3 Kg7 26. Qa4 $14) 20. Nxd5
Rxc1 (20... Rd7 21. e4 $14 Nc7 $140 22. Nxf6+ Qxf6 23. Nxd4 $1 $14) 21. Rxc1
dxe3 22. fxe3 g6 23. Qb7 a5 24. Qb5 Bg7 25. Rc8 Qd6 26. Rxf8+ Qxf8 27. Qxa5 {
White has won a pawn but it's not easy to improve the postion.} Qb8 28. Qb4 Qa7
29. Qc4 (29. a4 $5 Bf8 30. Qc4 Qb8 (30... Nc5 31. Ne5 $1 $40) 31. Qa2 Bc5 32.
a5 Qa7 33. a6 $16 (33. Qd2 Nf4)) 29... Qa3 30. g3 h5 31. Qb3 (31. Qc8+ Bf8 32.
Qc3 Qxa2 33. Nf6+ Kg7 34. Nxh5+ Kg8 35. Nf6+ Kg7 36. Nd7+ Kg8 37. Nxf8 Kxf8 38.
Nd4 $16) 31... Qc1+ 32. Kg2 Nc5 33. Qb8+ Bf8 34. Nf6+ $6 {Very tempting
especially with little time for both, but not the best.} (34. Qb4 $5 $36 Qa1 $5
35. Qd2 Qb1 36. Nf6+ Kh8 $1 37. Ng5 Nd3 $1 $132) 34... Kg7 35. Qe5 Nd3 $1 36.
Nxh5+ Kg8 37. Nf6+ Kg7 38. Ne8+ (38. Qd4 Qc2+ 39. Kh1 (39. Kh3 $2 Nf2+ 40. Kh4
Be7 $19) 39... Nf2+ 40. Kg1 Nh3+) 38... Kg8 39. Qa5 {The last try.} Bb4 $1 {
But this precise move keeps the balance.} (39... Qxe3 40. Qd2 Qxe8 41. Qxd3 $14
) 40. Nf6+ Kg7 41. Nh5+ Kh7 $8 (41... gxh5 42. Qg5+ $18) 42. Ng5+ Kh6 $8 43.
Nxf7+ Kh7 44. Ng5+ 1/2-1/2

[Event "Candidates sf1"]
[Site "Linares"]
[Date "1992.??.??"]
[Round "7"]
[White "Karpov, Anatoly"]
[Black "Short, Nigel D"]
[Result "1-0"]
[WhiteElo "2725"]
[BlackElo "2685"]
[Annotator "Stohl,I"]
[PlyCount "89"]
[EventDate "1992.04.??"]
[EventType "match"]
[EventRounds "10"]
[EventCountry "ESP"]
[SourceTitle "Candidates"]
[Source "ChessBase"]
[SourceDate "1999.07.01"]
[SourceVersion "2"]
[SourceVersionDate "1999.07.01"]
[SourceQuality "1"]

1. d4 {Ftacnik Hansen,Cu} d5 2. c4 e6 3. Nc3 Nf6 4. Bg5 Be7 5. e3 O-O 6. Nf3 h6
7. Bh4 b6 8. Be2 Bb7 9. Bxf6 Bxf6 10. cxd5 exd5 11. b4 c5 (11... c6 12. O-O Re8
13. Qb3 a5 14. a3 Nd7 15. b5 c5 16. Nxd5 Bxd4 $1 17. Rad1 Ne5 18. Nxe5 Bxd5 $10
{Karpov,A-Short,N,Amsterdam Euwe-mem 1991-CBM 23}) 12. bxc5 bxc5 13. Rb1 Qa5 (
13... Bc6 $142 14. O-O Nd7 15. Bb5 Qc7 16. Qd2 Rab8 17. Bxc6 Qxc6 18. dxc5 Bxc3
19. Qxc3 Qxc5 20. Qxc5 Nxc5 21. Nd4 Rfc8 22. f3 g6 23. Rxb8 Rxb8 24. Nc6 Re8
25. Kf2 Nd3+ 26. Ke2 Nf4+ {1/2:1/2,Hubner,R-Ivanchuk,V,Dortmund 1992-CBM 29})
14. Qd2 cxd4 15. Nxd4 Bxd4 16. exd4 (16. Qxd4 $5 Nc6 17. Qd2 {><d5,/\Nb5})
16... Ba6 (16... Bc6 17. Nb5 Qd8 18. O-O Nd7 19. Rfc1 $36) 17. Nb5 Qd8 18. O-O
Nc6 19. Rfd1 (19. Rfc1 Qf6 $5 20. Nc7 Bxe2 21. Nxa8 Bc4 $146) 19... Qf6 20. Bf1
$5 {N} (20. Bf3 Rab8 21. a4 Rfd8 22. Qc3 Bc8 23. Rbc1 a6 $1 $10 {Yusupov,
A-Belyavsky,A,Linares 1988-CBM 06} (23... a6 {Hansen,Cu} 24. Qxc6 Qxc6 25. Rxc6
axb5 26. axb5 {1/2-1/2 Jusupov-Beljavski Linares 1988})) 20... Rab8 21. a4 Rfc8
$2 (21... Bc8 $142 $1 {/\a6,Bf5<=>}) (21... Rfd8 $5 {Hansen,Cu}) 22. Rb3 Bxb5
23. axb5 Nd8 24. Qa2 $1 Rc7 25. Ra3 {><a7,d5} Qf5 26. Re3 $1 (26. Rxa7 $2 Rc2
$17) 26... Ne6 (26... Rc2 {Hansen,Cu} 27. Re8+ Kh7 28. Qxc2 Qxc2 29. Bd3+ $18)
27. Re5 Qg4 28. Be2 Qg6 29. g3 $1 (29. Qxd5 Rd8 $1 (29... Nf4 30. Qf3 $14) 30.
Qe4 Qxe4 31. Rxe4 Rcd7 $10) 29... Rbc8 $5 (29... Nf4 30. Bf1 $1 $16 {/\Kh1,Qd5}
) (29... Rc2 {Ftacnik} 30. Qxa7) 30. Bh5 Qf6 31. Qxd5 g6 (31... Rd8 32. Qe4 Rc4
33. Rf5 $18) 32. Be2 (32. Bg4 $16 {Ftacnik}) 32... Rc3 (32... Rc2 33. Qf3 $16)
33. h4 Ra3 34. Qe4 Rcc3 35. Kg2 Kg7 36. d5 (36. Rd5 $5 $16 {/\Rd7,Qe5}) 36...
Nc5 37. Qd4 Rc2 38. Re8 Raa2 $2 (38... Qxd4 $8 39. Rxd4 Raa2 40. Kf1 $16 (40.
Kf3 $6 Ne6 $1 $13) (40. Kf1 {Ftacnik} Ra1+ 41. Kg2 Raa2 42. Kf3 Ne6 43. dxe6 (
43. Re4 $2 Rxe2 44. Rxe2 Nd4+ $19) 43... Rxe2 44. Rd7 Rxf2+ $10)) 39. Rg8+ $1
$18 Kxg8 40. Qxf6 Rxe2 41. Ra1 $1 Ne4 42. Rxa2 Rxa2 43. Qd4 Rxf2+ 44. Kg1 Re2
45. d6 {[Stohl]} 1-0

[Event "George Marx Memorial 4th"]
[Site "Paks"]
[Date "2006.07.31"]
[Round "4"]
[White "Harikrishna, Pentala"]
[Black "Berkes, Ferenc"]
[Result "1/2-1/2"]
[WhiteElo "2682"]
[BlackElo "2601"]
[Annotator "Szabo,Kr"]
[PlyCount "48"]
[EventDate "2006.07.28"]
[EventType "tourn"]
[EventRounds "10"]
[EventCountry "HUN"]
[EventCategory "15"]
[SourceTitle "CBM 113 Extra"]
[Source "ChessBase"]
[SourceDate "2006.09.14"]
[SourceVersion "1"]
[SourceVersionDate "2006.09.14"]
[SourceQuality "1"]

1. d4 d5 2. c4 e6 3. Nc3 Be7 4. Nf3 Nf6 5. Bg5 O-O 6. e3 b6 7. Bd3 h6 8. Bh4
dxc4 9. Bxc4 Bb7 10. O-O Nbd7 11. Qe2 Ne4 12. Nxe4 Bxe4 13. Bg3 Bd6 14. Rac1 (
14. Nd2 Bb7 15. Bxd6 cxd6 16. Rac1 Nf6 17. Rc3 Qe7 18. Rfc1 Rfc8 19. Ba6 Qd7) (
14. Bb5 Bxg3 15. hxg3 c6 16. Nd2 Bd5 (16... Bxg2 17. Kxg2 cxb5 18. Qxb5 $14)
17. Ba4 c5 18. e4 Bb7 19. Bxd7 Qxd7 20. dxc5 bxc5 $14) 14... Bxg3 15. hxg3 c5
16. dxc5 Nxc5 17. b4 Nd7 18. Ba6 Qe7 19. a3 (19. Rc7 $6 Qd6 20. Rfc1 Nc5 $17)
19... Rfd8 20. Nd4 Nf6 21. f3 e5 $1 22. Nc6 Bxc6 23. Rxc6 Rd7 (23... e4 24.
Rfc1 Rd7 25. Bc8 Rd3 26. Rc7) 24. Rfc1 Rad8 (24... Rad8 25. e4 (25. Qc4 $2 Nd5
26. Qe4 Qg5 27. Kf2 Nf6 28. Qh4 Rd2+ 29. Be2 Qf5 $40) (25. Rc8 e4 26. Kf2 Qe6)
25... Nh5 26. Kh2 Qg5 27. Qe1 Rd2 28. Rc8 Kh7 29. Rxd8 Qxd8 30. Bc4 Rd7 $11)
1/2-1/2

[Event "Skei"]
[Site "Skei"]
[Date "1993.??.??"]
[Round "8"]
[White "Van Wely, Loek"]
[Black "Tisdall, Jonathan D"]
[Result "0-1"]
[WhiteElo "2560"]
[BlackElo "2425"]
[Annotator "Tisdall,J"]
[PlyCount "134"]
[EventDate "1993.??.??"]
[EventType "tourn"]
[EventRounds "9"]
[EventCountry "NOR"]
[EventCategory "10"]
[SourceTitle "CBM 036"]
[Source "ChessBase"]
[SourceDate "1993.10.01"]
[SourceVersion "1"]
[SourceVersionDate "1993.10.01"]
[SourceQuality "1"]

1. d4 Nf6 2. c4 e6 3. Nf3 d5 4. Nc3 Be7 5. Bg5 O-O 6. e3 h6 7. Bh4 b6 8. Be2
Bb7 9. Bxf6 Bxf6 10. cxd5 exd5 11. b4 c6 12. O-O Re8 13. Qb3 a5 14. bxa5 Rxa5
15. Rab1 Nd7 16. Rfd1 Ba6 $1 {/\  Bd3-f5xd7.} 17. Bxa6 Rxa6 18. a4 Ra5 19. Rdc1
Re6 20. Rc2 Qa8 21. Rbc1 g6 22. Ne1 Kg7 $10 23. Nd3 Bg5 $1 $132 24. Nb4 h5 25.
h3 h4 26. Ncxd5 $6 cxd5 27. Rc8 Nb8 28. Nc6 Nxc6 $1 29. Rxa8 Rxa8 30. Qxd5 (30.
Rxc6 Rxc6 31. Qxd5 Rc1+ 32. Kh2 Ra5) 30... Ra5 31. Qd7 Ne7 32. Rb1 (32. Rc7 Rd5
33. Qe8 Rxd4 $3 34. Ra7 (34. exd4 Re1+ 35. Kh2 Bf4+ 36. g3 hxg3+ 37. fxg3 Bxg3+
$1 38. Kg2 Bxc7 $19) 34... Rd1+ 35. Kh2 Bf6 36. Ra8 g5 $1 $19) 32... Nf5 33.
Kh2 Rd6 34. Qe8 Re6 35. Qd7 Rd6 36. Qe8 Rd8 37. Qc6 Rda8 38. Rxb6 Rxa4 39. Rb7
(39. Rb5 $142) 39... Ra1 40. Rd7 Rf8 $22 (40... Nxe3 $1 {Åkvist} 41. Rxf7+ Kh6
(41... Kxf7 42. fxe3 Bxe3 43. Qf3+) 42. fxe3 (42. g3 $5) 42... Bxe3 43. Rf3 (
43. g4 R8a2+) 43... Bg1+ 44. Kh1 Bxd4+ 45. Kh2 Be5+ 46. g3 R8a2+) 41. Rd5 Rb8 (
41... Bxe3 42. Rxf5 (42. fxe3 Ng3) 42... gxf5 43. fxe3 Rb8 44. Qc2 $1 $8 Rbb1
45. g4 $1 $17 (45. g3 Rh1+ 46. Kg2 Rag1+ 47. Kf3 Rf1+ 48. Kg2 Rhg1+ 49. Kh2
hxg3#)) 42. Rb5 Rxb5 $2 (42... Bxe3 $1 43. Rxb8 (43. fxe3 Ng3) (43. Rxf5 gxf5
44. Qc7 (44. fxe3 Rbb1 45. g4 Rb2+) 44... Bxf2 $1) 43... Bf4+ 44. g3 hxg3+ 45.
fxg3 (45. Kg2 Nh4#) 45... Ra2+ 46. Kg1 (46. Kh1 Nxg3+ 47. Kg1 Be3#) 46... Be3+
47. Kf1 Nxg3+ 48. Ke1 Ra1+) 43. Qxb5 Bxe3 44. Qe5+ Kh7 45. Qf6 Bxd4 46. Qxf7+ {
>< a2} Kh6 47. g4 hxg3+ 48. fxg3 Be5 49. Kg2 Ne3+ 50. Kh2 Nf1+ 51. Kg2 Ne3+ 52.
Kh2 Rf1 $1 {/\ >< f8.} 53. Qe8 Rf2+ 54. Kg1 Rf1+ 55. Kh2 Rf5 56. Kh1 Bd4 $1 57.
Qd8 (57. h4 $5 Kh5 $6 (57... Be5 $1 58. Qe6 (58. Kh2 Nf1+) (58. Qe7 Rf1+ 59.
Kh2 Bxg3+ $1) 58... Rf3 59. Qe8 (59. Qxe5 Rf1+ 60. Kh2 Ng4+) 59... Ng4) 58. Kh2
Rf2+ 59. Kh3 Ng4 60. Qh8+ $1 $10) 57... Rf1+ 58. Kh2 Rf2+ 59. Kh1 (59. Kg1 Nf5
$1 60. Qf8+ Kh5 61. g4+ Kh4) 59... Rf1+ 60. Kh2 Rf2+ 61. Kh1 Nf5 62. Qf8+ Bg7
63. Qa3 Rc2 $1 {/\ 3<->.} 64. g4 Nh4 {/\ >< Kh1.} 65. Qe3+ Kh7 66. Qf4 Rc3 (
66... Re2 67. Qg3) 67. Kh2 (67. Qf1 Rf3) 67... Be5 0-1

[Event "GER-ch 70th"]
[Site "Bremen"]
[Date "1998.11.06"]
[Round "1"]
[White "Fuhrmann, Daniel"]
[Black "Lobron, Eric"]
[Result "0-1"]
[WhiteElo "2315"]
[BlackElo "2540"]
[Annotator "Tsesarsky,I"]
[PlyCount "55"]
[EventDate "1998.11.06"]
[EventType "swiss"]
[EventRounds "9"]
[EventCountry "GER"]
[SourceTitle "CBM 068"]
[Source "ChessBase"]
[SourceDate "1999.02.01"]
[SourceVersion "1"]
[SourceVersionDate "1999.02.01"]
[SourceQuality "1"]

{[%mdl 8212]} 1. d4 Nf6 2. c4 e6 3. Nf3 d5 4. Nc3 Nbd7 5. Bg5 h6 6. Bh4 Be7 7.
e3 O-O 8. Qc2 c5 9. Rd1 b6 $2 $16 (9... cxd4 $1 10. exd4 (10. Nxd4 Nb6 (10...
a6 11. Be2 (11. a3 dxc4 12. Bxc4 Nh5 (12... Qc7 13. Ba2 (13. Bxe6 fxe6 14. Nxe6
Qc4 15. Nxf8 Nxf8 16. Rd4 $14) 13... b6 14. Bg3 Qb7 15. O-O Nc5 16. Bb1 Rd8 17.
e4 Nh7 18. f4 Nf8 19. b4 Ncd7 $14) 13. Bxe7 Qxe7 14. O-O Nhf6 15. Be2 Rd8 16.
f4 Nb6 17. Bf3 e5 $132 {1/2-1/2 Portisch,F-Sutorikhin,V/Zalaegerszeg ,EXT 1992
(24)}) 11... dxc4 12. Bxc4 (12. O-O Qc7 13. Bg3 e5 14. Nf5 Nb6 15. Bf3 Re8 16.
a4 (16. Nxe7+ Qxe7 17. h3 $44) 16... Bb4 17. Bh4 Bxf5 18. Qxf5 Re6 $17 {
0-1 Shneider,A-Bagirov,V/Tel Aviv 1982 (36)}) 12... Qc7 13. Bxe6 (13. Bb3 Nc5
14. Bg3 e5 $132) 13... fxe6 14. Nxe6 Qc4 (14... Qa5 15. Nxf8 Nxf8 16. Qb3+ Be6
17. Qxb7 $16) 15. Nxf8 Nxf8 16. Rd4 $14) 11. Be2 (11. Bxf6 Bxf6 12. c5 Nd7 13.
b4 Ne5 14. Be2 Bd7 15. O-O b6 16. f4 Ng6 17. Ncb5 bxc5 18. bxc5 a6 19. Nd6 Ne7
20. e4 $132 {1/2-1/2 Van Wely,L-Ree,H/Eindhoven ch-NED(8) 1993 (37)}) 11... Bd7
12. cxd5 (12. Bxf6 Bxf6 13. cxd5 Nxd5 14. Nxd5 exd5 15. O-O Qb6 16. Bf3 Rac8
17. Qb1 Be6 18. Rd2 Rc4 19. Nxe6 fxe6 20. Rxd5 $1 (20. Qg6 Rfc8 21. Be2 R4c6
22. Bd3 Bxb2 23. Qh7+ Kf8 24. e4 Qb4 25. Rdd1 dxe4 26. Bxe4 Rc1 $15) 20... Bxb2
21. Rd7 Rf7 22. Rxf7 Kxf7 23. Bh5+ $16 {1-0 Kortchnoi,V-Frias,V/Buenos Aires
olm(5) 1978 (44)} (23. Rd1 $14)) 12... Nfxd5 13. Bxe7 Qxe7 14. Nxd5 Nxd5 15.
O-O Rac8 16. Qb3 Rc7 17. Bf3 Nf6 $11 {1/2-1/2 Korchnoi,V-Petrosian,T/Ciocco cq
1977 (25)}) 10... b6 $5 (10... dxc4 11. Bxc4 Nb6 (11... Nd5 $5 12. Bxe7 Qxe7
13. O-O N7b6 (13... Nxc3 14. Qxc3 (14. bxc3 b6 15. d5 (15. Rfe1 Qd6 16. d5 (16.
Qe4 Rb8 17. Bd3 Nf6 $11) 16... e5 17. Bb5 f6 18. Nd2 Nc5 19. Nc4 Qc7 20. d6 Qf7
21. Bc6 (21. Ne3 Be6 22. Nf5 Rfd8 23. Ne7+ Kh8 24. Bc6 Rab8 $132) 21... Bb7 22.
Bxb7 Qxb7 $132) 15... exd5 16. Bxd5 Rb8 17. Rfe1 Qf6 18. Nd4 Nc5 19. Nc6 Rb7
20. Qe2 Be6 $11) 14... Nb6 $11 (14... a6 15. a4 b6 16. d5 exd5 17. Bxd5 Ra7 18.
Nd4 Nb8 19. Rfe1 $14)) 14. Bb3 Rd8 15. Rfe1 Qf8 (15... Nxc3 16. Qxc3 Bd7 17.
Qc7 Qf6 18. Qxb7 Ba4 $14) 16. Ne5 Nxc3 17. bxc3 Bd7 (17... Nd7 $4 18. Nxf7 $1
$18 {1-0 Luft-Strecker/GER 1974 (21)}) 18. Qe4 Rab8 19. Re3 $14) (11... a6 12.
a4 Nb6 13. Bb3 Bd7 14. O-O Bc6 $11) 12. Bb3 Nbd5 13. O-O b6 14. Nxd5 Nxd5 15.
Bxd5 exd5 16. Bxe7 Qxe7 17. Rfe1 Be6 18. Rc1 $14 {1/2-1/2 Borisenko,G-Khanov,K/
Sverdlovsk(8) 1957 (45)}) 11. Bg3 (11. Be2 Bb7 12. O-O dxc4 13. Bxc4 Rc8 14.
Qe2 Nh5 (14... Bxf3 15. gxf3 Nh5 (15... Nd5 16. Bg3 N7f6 $15) 16. Bg3 Nxg3 17.
hxg3 Nf6 18. Bb3 Re8 $15 (18... Nd5 $2 19. Bxd5 exd5 20. Qb5 $16 {1-0
Mikhalchishin-Ficco/Ischia 1994 (31)})) 15. Bxe7 Qxe7 16. d5 Nf4 17. Qe4 Qf6
18. Bd3 g6 19. Bc4 Rc5 (19... Rc7 20. Bb3 Rd8 $17) 20. Bb3 exd5 21. Nxd5 Nxd5
22. Rxd5 (22. Bxd5 Rxd5 23. Rxd5 Qc6 $19) 22... Bxd5 23. Bxd5 Qf5 $19 {0-1
Yudovich,M-Zagorjansky,E/Moscow 1944 (39)}) (11. cxd5 $5 $132) 11... Bb7 12.
Bd3 Rc8 13. cxd5 Nxd5 14. O-O Bb4 $17 {0-1 Enevoldsen,J-Hansen,V/Copenhagen
1944 (16)}) (9... Qa5 10. cxd5 (10. a3 Nb6 (10... dxc4 11. Bxc4 Nb6 12. Ba2
Nbd5 13. O-O Nxc3 14. bxc3 Bd7 15. Ne5 Ba4 16. Bb3 cxd4 17. Bxa4 Qxe5 18. cxd4
Qa5 $132) 11. Nd2 dxc4 12. Nxc4 Nxc4 13. Bxc4 Bd7 (13... cxd4 14. Rxd4 e5 15.
Rd2 Rb8 16. O-O b5 17. Bd3 Rd8 $11) 14. d5 exd5 15. Bxd5 Nxd5 $2 (15... Bg4 $1
16. Bf3 (16. f3 Nxd5 $19) 16... Bxf3 17. gxf3 Rad8 $15) 16. Bxe7 Bf5 (16...
Nxe7 17. Rxd7 $16) 17. Qxf5 Nxe7 $11 {1/2-1/2 Dreev,A-Baburin,A/Helsinki op
1992/(27)}) (10. Nd2 cxd4 11. Nb3 Qc7 12. Rxd4 Nb6 13. Bg3 Qc6 14. cxd5 Nbxd5
15. Na5 (15. Rc4 Qe8 $11) 15... Qb6 (15... Qc5 16. Nb3 $11) 16. Nc4 Qc5 17. Be2
Nxc3 (17... b5 18. Nd2 Nxc3 19. bxc3 Bb7 $11) 18. bxc3 $11) (10. Bd3 dxc4 11.
Bxc4 Nb6 12. Be2 Bd7 (12... cxd4 13. Nxd4 Nbd5 14. Nb3 Qc7 15. Bg3 Qc6 16. Nd4
Qb6 $132) 13. O-O Rac8 14. Qb1 cxd4 15. Nxd4 Nbd5 $132) 10... Nxd5 (10... exd5
11. Be2 c4 $5 12. Ne5 (12. O-O Bb4 13. Nd2 Re8 $132 (13... b5 14. f3 Bb7 15. e4
dxe4 (15... Rae8 16. e5 Nh7 17. f4 f5 18. a3 Be7 (18... Bxc3 19. Qxc3 Qxc3 20.
bxc3 Nb6 21. Rb1 a6 $14) 19. Bxe7 Rxe7 20. Bf3 Nb6 $14) 16. fxe4 Qb6 17. Bf2
$16)) 12... Bb4 13. Nxd7 Nxd7 14. O-O Re8 15. Bf3 Nb6 16. a3 Bxc3 17. Qxc3 Qa4
18. Rd2 Bf5 $11 {1/2-1/2 Lapienis,D-Uusi,G/Riga 1975 (43)}) 11. Bxe7 Nxe7 12.
Be2 (12. Bb5 a6 13. Bxd7 Bxd7 14. O-O Bc6 $11 {1/2-1/2 Geller Efim P-Saigin,V/
ch URS (1/2 final) 1950/Inf 01 (37)}) 12... cxd4 (12... Nf6 13. O-O Bd7 14. Ne5
Rad8 15. dxc5 Qxc5 16. Nxd7 Nxd7 17. Qb3 Nb6 $11) 13. Nxd4 Nf6 14. O-O Bd7 $11
{0-1 Bellon Lopez,J-Vladimirov,E/ESP-URS m ,EXT 1991 (72)}) 10. cxd5 exd5 (
10... Nxd5 11. Bxe7 Nxe7 12. dxc5 $16) 11. Bb5 (11. Be2 Bb7 12. O-O Ne4 13.
Bxe7 Qxe7 14. dxc5 (14. Nd2 Nxc3 15. Qxc3 Rac8 16. Rc1 Rfe8 17. Bg4 Ba6 18.
Rfe1 Rc7 $11 {1-0 Meiden,V-Huijbrecht/cr NED Hkl 1991 (53)}) 14... Nxc3 15.
Qxc3 bxc5 16. Rc1 Rac8 17. Qa3 a6 18. Rfd1 Rfe8 $132 {1/2-1/2 Chen,D-Glienke,M/
Hannover 1983 (46)}) 11... Bb7 12. dxc5 (12. O-O a6 13. Bxd7 Qxd7 14. Bxf6 Bxf6
15. dxc5 bxc5 16. Ne4 (16. Nxd5 Bxd5 17. Qxc5 Qa4 18. Qxd5 Rfd8 19. Qb3 Qxb3
20. axb3 Bxb2 $14) 16... Be7 17. Nxc5 Rfc8 18. b4 $16) 12... bxc5 (12... Nxc5
13. Bc4 $1 g5 14. Bg3 Qd7 (14... Rc8 15. Qf5 Ne6 16. Bxd5 Nxd5 17. Nxd5 Bxd5
18. Rxd5 Rc1+ 19. Ke2 Qc8 20. Rxc1 Qxc1 21. b3 Rc8 22. Ne5 Qc2+ 23. Qxc2 Rxc2+
24. Rd2 $16) 15. h4 (15. Bb5 Qd8) 15... g4 16. Bb5 Qd8 17. Nd4 $16) 13. O-O (
13. Qf5 Nb6 14. O-O Qc8 $132) 13... Nb6 14. Bxf6 Bxf6 15. Ne4 $1 d4 (15... c4
16. Nxf6+ (16. Nc5 Qe7 17. Nxb7 Qxb7 $11) 16... Qxf6 17. Nd4 $14) 16. Nxc5 $2
$132 (16. exd4 Bxd4 (16... cxd4 17. Nxf6+ Qxf6 18. Nxd4 $16) 17. b4 f5 18. Nxd4
cxd4 (18... Bxe4 19. Qxc5 $16) 19. Nc5 Rb8 20. Nxb7 Rxb7 21. Qc5 $16) 16...
Bxf3 17. gxf3 Qd5 18. f4 (18. exd4 Bxd4 19. b4 Rad8 20. Qe4 Qg5+ 21. Qg4 Bxc5
22. Qxg5 Bxf2+ 23. Kxf2 hxg5 $132) 18... Rfc8 19. b4 a5 20. a3 axb4 21. axb4
Ra2 22. Qd3 (22. Qe4 Rb2 23. Rb1 dxe3 24. Rxb2 Bxb2 25. fxe3 Ba3 26. Ba6 Qxe4
27. Nxe4 Re8 $132) 22... Qh5 23. e4 (23. exd4 Bxd4 (23... Nd5 24. Ne4 Bh4 25.
Ng3 Bxg3 26. Qxg3 (26. hxg3 $4 Rc3 27. Qe4 Rxg3+ $1) 26... Nxb4 $44) 24. Qxd4
Qg4+ 25. Kh1 Qf3+ 26. Kg1 Qg4+ $11) 23... Be7 (23... Bh4 $11) 24. Qxd4 Qg4+ 25.
Kh1 Qf3+ 26. Kg1 Qxf4 (26... Qg4+ $11) 27. Rd3 Bh4 $2 $16 (27... Rd2 $1 $11)
28. e5 $1 {... (Zeitnot)} (28. e5 Nd5 (28... Bg5 29. Qxf4 Bxf4 30. e6 fxe6 31.
Nxe6 Bd2 32. Rd6 Rb8 33. Rb1 $16) (28... Qxd4 29. Rxd4 Be7 30. Rc1 Rb2 31. Kg2
$1 $16 Bxc5 $140 32. Rxc5 Rxc5 33. Rd8+ Kh7 34. Bd3+ $1 g6 35. bxc5 $18) 29. e6
fxe6 30. Bd7 Qg5+ 31. Kh1 Nf4 32. Qe4 Nxd3 33. Nxd3 $18) 0-1